[Event "WCh w Blitz Quarter-Final"]
[Site "Moscow RUS"]
[Date "2010.09.14"]
[Round "5"]
[White "Meshcheriakova,E"]
[Black "Nikitina,E"]
[Result "1/2-1/2"]
[WhiteElo "2260"]
[BlackElo "2011"]
[EventDate "2010.09.14"]

1. e4 d5 2. exd5 Qxd5 3. Nc3 Qa5 4. Nf3 Nf6 5. Bc4 Bg4 6. d3 c6 7. h3 Bh5
8. g4 Bg6 9. Bf4 Nbd7 10. Qd2 O-O-O 11. O-O-O e5 12. Bg3 Bd6 13. Rhe1 Rhe8
14. Nh4 Bc7 15. Nxg6 fxg6 16. Qg5 Nb6 17. Bb3 Nbd5 18. Ne4 Nxe4 19. Rxe4
Nf6 20. Re2 e4 21. Qxa5 Bxa5 22. d4 Bc7 23. Bh4 Re7 24. c3 Rde8 25. Rde1 h6
26. g5 hxg5 27. Bxg5 a5 28. Bc2 Re6 29. Bxf6 gxf6 30. Rxe4 Rxe4 31. Rxe4
Rxe4 32. Bxe4 g5 33. Kd2 Kd7 34. Bf5+ Ke7 35. Ke3 b6 36. Kd3 Bf4 37. Kc4
Kd6 38. a4 Bc1 39. b4 Bf4 40. Be4 Bh2 41. d5 cxd5+ 42. Bxd5 Kc7 43. Kb5
axb4 44. cxb4 Bg1 45. f3 Kd6 46. Be4 Ke5 47. a5 bxa5 48. Kxa5 f5 49. Bc6
Kf4 50. b5 Kg3 51. Bd7 Kxf3 52. Bxf5 Kf4 53. Bg4 Ke5 54. b6 Bxb6+ 55. Kxb6
Kf6 56. Kc6 Kg6 57. Kd6 Kh6 58. Ke6 Kg6 59. Ke5 Kg7 60. Kf5 Kh6 61. Kf6 Kh7
62. Kxg5 Kh8 63. h4 Kg8 64. h5 Kh8 1/2-1/2

[Event "WCh w Blitz Quarter-Final"]
[Site "Moscow RUS"]
[Date "2010.09.14"]
[Round "5"]
[White "Sukhareva,E"]
[Black "Mikhailova,I"]
[Result "1-0"]
[WhiteElo "2176"]
[BlackElo "2288"]
[EventDate "2010.09.14"]

1. d4 Nf6 2. c4 g6 3. Nc3 d5 4. e3 Bg7 5. b4 O-O 6. Nf3 c6 7. Bb2 b6 8. Be2
Bb7 9. O-O Nbd7 10. c5 b5 11. a4 a6 12. axb5 axb5 13. Qc2 Qc7 14. e4 dxe4
15. Nxe4 Nd5 16. Qb3 N7f6 17. Ned2 e6 18. Ne5 Nd7 19. Nxd7 Qxd7 20. Ne4 Ne7
21. Nd6 Nf5 22. Nxf5 gxf5 23. Rad1 Kh8 24. Rd3 Qe7 25. Rfd1 Bf6 26. Rh3 Rg8
27. Bc1 Rg6 28. Bf4 Rag8 29. Rg3 Rxg3 30. hxg3 Ra8 31. Bd6 Qd8 32. g4 fxg4
33. Bxg4 Qg8 34. Qf3 Qg5 35. Bf4 Qg7 36. Qg3 Rd8 37. Bd6 h6 38. Kh2 Qg5 39.
Qh3 Kg7 40. Rd3 Qh4 41. Rg3 Qxh3+ 42. Bxh3+ Kh8 43. Rd3 Kg7 44. g3 Ra8 45.
Be5 Ra4 46. Rb3 Kg6 47. f4 Ra2+ 48. Bg2 Ra1 49. Kh3 h5 50. Be4+ 1-0

[Event "WCh w Blitz Quarter-Final"]
[Site "Moscow RUS"]
[Date "2010.09.14"]
[Round "5"]
[White "Chasovnikova,E"]
[Black "Mirzoeva,E"]
[Result "0-1"]
[WhiteElo "2248"]
[BlackElo "2239"]
[EventDate "2010.09.14"]

1. d4 d5 2. c4 c6 3. Nc3 Nf6 4. Nf3 dxc4 5. e4 b5 6. Be2 a6 7. O-O e6 8.
Bg5 Be7 9. e5 Nd5 10. Bxe7 Qxe7 11. Ne4 O-O 12. a4 Bb7 13. Nc5 a5 14. Qd2
Na6 15. Nxa6 Rxa6 16. Ng5 Qb4 17. Qc2 g6 18. Ne4 Ra7 19. Qc1 Qe7 20. Qh6 f6
21. exf6 Nxf6 22. Nc5 Bc8 23. Bf3 Nd5 24. Rfe1 Qf6 25. Rad1 b4 26. Ne4 Qg7
27. Qh4 Nf4 28. Nd6 Bd7 29. Nxc4 g5 30. Qg3 h5 31. h4 g4 32. Be4 Nd5 33.
Ne5 Be8 34. Rc1 Rc7 35. Bb1 Qf6 36. Re2 Nf4 37. Rd2 Rc8 38. Be4 c5 39. Nf3
c4 40. d5 c3 41. bxc3 bxc3 42. Rdc2 exd5 43. Bxd5+ Nxd5 44. Ng5 Bg6 45. Re2
Qf4 46. Re6 Qxc1+ 47. Kh2 Qf4 48. Rxg6+ Kh8 49. Rh6+ Kg7 50. Rh7+ Kg8 51.
Qxf4 Nxf4 52. Rd7 c2 0-1

[Event "WCh w Blitz Quarter-Final"]
[Site "Moscow RUS"]
[Date "2010.09.14"]
[Round "5"]
[White "Fominykh,M"]
[Black "Bogumil,T"]
[Result "1-0"]
[WhiteElo "2305"]
[BlackElo "2096"]
[EventDate "2010.09.14"]

1. d4 Nf6 2. c4 c5 3. d5 b5 4. cxb5 a6 5. bxa6 g6 6. Nc3 d6 7. e4 Bg7 8.
Bb5+ Nfd7 9. Nf3 O-O 10. O-O Bxa6 11. Qe2 Qa5 12. Bxa6 Nxa6 13. Bd2 Nb4 14.
Rfc1 Rfb8 15. a3 Na6 16. b4 cxb4 17. axb4 Qb6 18. b5 Nac5 19. Rxa8 Rxa8 20.
Be3 Qa5 21. Nd4 Bxd4 22. Bxd4 f6 23. Rb1 Nb6 24. h4 h5 25. Qf3 Nc4 26. Qg3
Kf7 27. f3 Qc7 28. Ne2 Nd3 29. Rd1 Nde5 30. Qe1 Qb7 31. Qb4 Rb8 32. Rb1 Nd7
33. Qxc4 Nb6 34. Qc6 Qa7 35. Ra1 Qd7 36. Bxb6 Qxc6 37. bxc6 Ke8 38. c7 Rc8
39. Nc3 Kd7 40. Nb5 f5 41. Ra7 fxe4 42. fxe4 e6 43. dxe6+ Kxe6 44. Rb7 Kd7
45. Rb8 1-0

[Event "WCh w Blitz Quarter-Final"]
[Site "Moscow RUS"]
[Date "2010.09.14"]
[Round "5"]
[White "Severina,M"]
[Black "Fatianova,T"]
[Result "0-1"]
[WhiteElo "2032"]
[BlackElo "2289"]
[EventDate "2010.09.14"]

1. d4 d5 2. c4 dxc4 3. e3 a6 4. Bxc4 Nf6 5. a4 e6 6. Nf3 c5 7. O-O Nc6 8.
Nc3 cxd4 9. exd4 Be7 10. d5 exd5 11. Nxd5 Nxd5 12. Bxd5 Nb4 13. Bb3 O-O 14.
Qxd8 Rxd8 15. Bf4 Nd3 16. Bc7 Rf8 17. Rab1 Bf6 18. Rfd1 Nc5 19. Bc2 Be6 20.
b4 Nd7 21. Be4 Rfc8 22. Bxb7 Rxc7 23. Bxa8 Ra7 24. Bc6 Nb8 25. Bd5 Bf5 26.
Nd4 Bxb1 27. Rxb1 Bxd4 28. b5 axb5 29. axb5 g6 30. Kf1 Rd7 31. Bf3 Kf8 32.
Ke2 Re7+ 33. Kd3 Bb6 34. Kc4 Nd7 35. Kd5 Ke8 36. Kc6 Re6+ 37. Kb7 Ke7 38.
Bc6 Nc5+ 39. Kxb6 Na4+ 40. Kc7 Kf6 41. b6 Re7+ 42. Bd7 Nc5 43. Rd1 Na6+ 44.
Kc8 Re2 45. Rc1 Ke7 46. Bb5 Ra2 47. Bxa6 Rxa6 48. b7 Rb6 49. b8=Q 0-1

[Event "WCh w Blitz Quarter-Final"]
[Site "Moscow RUS"]
[Date "2010.09.14"]
[Round "5"]
[White "Kharmunova,N"]
[Black "Krasenkova,I"]
[Result "0-1"]
[WhiteElo "2121"]
[BlackElo "2121"]
[EventDate "2010.09.14"]

1. e4 Nf6 2. Nc3 e5 3. Nf3 d6 4. g3 Be7 5. Bg2 O-O 6. O-O c6 7. h3 b5 8.
Re1 a5 9. d4 exd4 10. Nxd4 b4 11. Na4 Ra7 12. b3 Ba6 13. Nf5 Bb5 14. Bb2
Na6 15. Qd2 Bxa4 16. bxa4 Nc5 17. Qg5 Ne8 18. Qg4 Bf6 19. e5 dxe5 20. Bxc6
g6 21. Rxe5 Bxe5 22. Bxe5 f6 23. Rd1 Qb6 24. Nh6+ Kg7 25. Bxe8 fxe5 26. Qg5
Ne4 27. Qxe5+ Nf6 28. Ng4 Rxe8 29. Qf4 Rf8 30. Rd6 Qc5 31. Nxf6 0-1

[Event "WCh w Blitz Quarter-Final"]
[Site "Moscow RUS"]
[Date "2010.09.14"]
[Round "5"]
[White "Zarivkina,V"]
[Black "Sukhareva,V"]
[Result "1-0"]
[WhiteElo "2084"]
[BlackElo "1936"]
[EventDate "2010.09.14"]

1. e4 e5 2. Nc3 d6 3. g3 Be6 4. Bg2 c6 5. Nf3 Be7 6. d4 Nd7 7. O-O h5 8. h3
Qc7 9. Be3 f6 10. Qd2 g5 11. d5 Bf7 12. Ne1 Nb6 13. dxc6 bxc6 14. b3 Be6
15. a4 Qd7 16. Kh2 Rd8 17. Rd1 Nh6 18. f3 Kf7 19. a5 Nc8 20. Qe2 d5 21.
exd5 cxd5 22. Nxd5 Bxd5 23. c4 Qb7 24. cxd5 Qxb3 25. Qd3 Qxd3 26. Rxd3 Nd6
27. Bxa7 Ra8 28. Bb6 Nc4 29. d6 Nxd6 30. f4 Rac8 31. fxe5 Nc4 32. Bd5+ Kg7
33. exf6+ Bxf6 34. Rxf6 Kxf6 35. Bd4+ Kg6 36. Bxh8 Nxa5 37. Bd4 Nc4 38.
Be4+ Kf7 39. Nf3 g4 40. Ng5+ Ke7 41. hxg4 Nxg4+ 42. Kh3 Nd6 43. Bf3 Nh6 44.
Bxh5 Rc1 45. Re3+ Kd7 46. Bg4+ Kc6 47. Bf3+ Kb5 48. Be2+ Kc6 49. g4 Kd5 50.
Bf6 Rh1+ 51. Kg2 Rb1 52. Bf3+ Kc4 53. Rc3+ Kb4 54. Rd3 Nc4 55. Rd4 Ng8 56.
Bg7 Kc5 57. Ne6+ Kb4 58. Bd5 Rb2+ 59. Kg3 Rb3+ 60. Kh4 Rc3 61. Nc7 Kc5 62.
Bxg8 Nd6 63. Rxd6 1-0

[Event "WCh w Blitz Quarter-Final"]
[Site "Moscow RUS"]
[Date "2010.09.14"]
[Round "5"]
[White "Dudysheva,Y"]
[Black "Imeeva,A"]
[Result "0-1"]
[WhiteElo "1841"]
[BlackElo "2059"]
[EventDate "2010.09.14"]

1. e4 e5 2. Nf3 Nc6 3. Bb5 a6 4. Ba4 Nf6 5. O-O Be7 6. Re1 b5 7. Bb3 d6 8.
c3 O-O 9. h3 Na5 10. Bc2 c5 11. d4 Qc7 12. Bg5 h6 13. Bh4 Be6 14. Bg3 cxd4
15. cxd4 Rfd8 16. Nc3 Rac8 17. Rc1 Nc4 18. Bb3 exd4 19. Nxd4 Nxb2 20. Qe2
Nc4 21. Nxe6 fxe6 22. Red1 Kh8 23. e5 dxe5 24. Rxd8+ Rxd8 25. Bxc4 Qxc4 26.
Qxe5 Bd6 27. Qe3 Bxg3 28. Qxg3 Ne4 29. Qe3 Rc8 30. Nxe4 0-1

[Event "WCh w Blitz Quarter-Final"]
[Site "Moscow RUS"]
[Date "2010.09.14"]
[Round "6"]
[White "Nikitina,E"]
[Black "Fominykh,M"]
[Result "1/2-1/2"]
[WhiteElo "2011"]
[BlackElo "2305"]
[EventDate "2010.09.14"]

1. d4 d6 2. Nf3 Nf6 3. g3 g6 4. Bg2 Bg7 5. O-O O-O 6. b3 Nbd7 7. Bb2 c6 8.
c4 Qc7 9. Nc3 e5 10. e4 exd4 11. Nxd4 Re8 12. Qd2 Nc5 13. f3 a5 14. a3 Qb6
15. Na4 Nxa4 16. bxa4 Nd7 17. Kh1 c5 18. Nb5 Bxb2 19. Qxb2 Ne5 20. Qe2 Be6
21. Rac1 Rad8 22. Rfd1 f5 23. exf5 Bxf5 24. Qf1 Kg7 25. f4 Ng4 26. Re1 Ne3
27. Qf2 Nxg2 28. Kxg2 Qc6+ 29. Kg1 Be4 30. Rcd1 d5 31. cxd5 Bxd5 32. Rxe8
Rxe8 33. Nc3 Bf3 34. Re1 Rxe1+ 35. Qxe1 Qd6 36. Qe5+ Qxe5 37. fxe5 Kf7 38.
Kf2 Bc6 39. Ke3 Ke6 40. Kf4 h6 41. h4 Bg2 42. g4 Bf1 43. g5 hxg5+ 44. hxg5
Bd3 45. Ke3 Bc2 46. Kf4 Bb3 47. Ke4 Bc2+ 48. Kf4 Bd3 49. Ke3 Bc2 50. Kf4
Bd3 51. Ke3 1/2-1/2

[Event "WCh w Blitz Quarter-Final"]
[Site "Moscow RUS"]
[Date "2010.09.14"]
[Round "6"]
[White "Mirzoeva,E"]
[Black "Sukhareva,E"]
[Result "1-0"]
[WhiteElo "2239"]
[BlackElo "2176"]
[EventDate "2010.09.14"]

1. d4 d5 2. Nf3 e6 3. c4 c6 4. Bg5 Nf6 5. cxd5 exd5 6. Qc2 Be7 7. Nc3 h6 8.
Bh4 O-O 9. e3 Ne4 10. Nxe4 Bxh4 11. Nc5 Be7 12. Be2 b6 13. Nd3 Bf5 14. O-O
c5 15. Qd2 c4 16. Nb4 a5 17. Nc2 Nc6 18. Ne5 Qc7 19. f4 Nb8 20. g4 Be4 21.
Na3 f6 22. Nf3 Bxa3 23. bxa3 b5 24. Qc3 Na6 25. Nd2 b4 26. axb4 axb4 27.
Qc1 Bg6 28. f5 Bf7 29. a3 b3 30. Qc3 Rfe8 31. Bf3 Rab8 32. Rab1 Qd6 33. e4
Nc7 34. Rfe1 Nb5 35. Qa5 Nxd4 36. exd5 Nxf3+ 37. Nxf3 Bxd5 38. Red1 Rbd8
39. Rd4 Qc6 40. Rbd1 Bxf3 41. Rxd8 Qe4 42. Rxe8+ Qxe8 43. Rd8 Kf7 44. Rxe8
Kxe8 45. Qb5+ Kf8 46. Qxc4 b2 47. Qb4+ Kg8 48. Qxb2 Bxg4 49. Kf2 Bxf5 50.
a4 Be4 51. Qb3+ Kh7 52. a5 f5 53. a6 g5 54. Qf7+ Kh8 55. Qf6+ Kh7 56. a7 g4
57. Qe6 Kg7 58. Qxe4 fxe4 59. a8=Q 1-0

[Event "WCh w Blitz Quarter-Final"]
[Site "Moscow RUS"]
[Date "2010.09.14"]
[Round "6"]
[White "Fatianova,T"]
[Black "Zarivkina,V"]
[Result "1-0"]
[WhiteElo "2289"]
[BlackElo "2084"]
[EventDate "2010.09.14"]

1. e4 c5 2. b3 d6 3. Bb2 e5 4. Bc4 g6 5. d3 Bg7 6. Ne2 Ne7 7. O-O O-O 8. f4
Nbc6 9. fxe5 dxe5 10. Nbc3 a6 11. a4 Na5 12. Qd2 Nxc4 13. bxc4 f5 14. Qg5
Nc6 15. Qxd8 Rxd8 16. exf5 Bxf5 17. Ng3 Be6 18. Nce4 b6 19. Bc3 Nd4 20. Ra2
Rf8 21. a5 Rxf1+ 22. Kxf1 b5 23. Nxc5 Bf7 24. Bxd4 exd4 25. Rb2 bxc4 26.
Rb6 cxd3 27. cxd3 Bf8 28. Rxa6 Rc8 29. Nce4 Rc1+ 30. Kf2 Ra1 31. Ne2 Ra2
32. Kf3 Ra4 33. g4 Bb3 34. Ra8 Bd1 35. Nf2 Bb3 36. Kg3 Kg7 37. Ne4 Bd1 38.
Nf4 Bb3 39. a6 Bd5 40. Nxd5 Ra3 41. Nf2 Bd6+ 42. Kf3 Bxh2 43. Nf4 Ra2 44.
Ne6+ Kf6 45. Nxd4 Ke5 46. Ne2 Kd5 1-0

[Event "WCh w Blitz Quarter-Final"]
[Site "Moscow RUS"]
[Date "2010.09.14"]
[Round "6"]
[White "Mikhailova,I"]
[Black "Chasovnikova,E"]
[Result "1/2-1/2"]
[WhiteElo "2288"]
[BlackElo "2248"]
[EventDate "2010.09.14"]

1. d4 d5 2. Nf3 Nf6 3. c4 e6 4. Bg5 Be7 5. e3 O-O 6. Nc3 Nbd7 7. Qc2 c5 8.
cxd5 exd5 9. dxc5 Nxc5 10. Be2 h6 11. Bh4 Be6 12. O-O Rc8 13. Rfd1 Nce4 14.
Qd3 Nxc3 15. bxc3 Ne4 16. Bxe7 Qxe7 17. Rdc1 Qf6 18. c4 Nc5 19. Qd4 Qxd4
20. exd4 Ne4 21. c5 b6 22. Ba6 Rc7 23. cxb6 Rxc1+ 24. Rxc1 axb6 25. Bd3 Ra8
26. Rc2 Nd6 27. Ne5 f6 28. Nc6 Kf7 29. f3 Nc4 30. Kf2 Ra3 31. Be2 b5 32.
Nb4 g5 33. g4 f5 34. h3 fxg4 35. hxg4 Ke7 36. Nd3 Kd6 37. Nc5 Ne3 38. Rd2
Nc4 39. Rc2 Ne3 40. Rb2 Nc4 41. Rc2 Ne3 42. Rd2 Nc4 43. Ke1 1/2-1/2

[Event "WCh w Blitz Quarter-Final"]
[Site "Moscow RUS"]
[Date "2010.09.14"]
[Round "6"]
[White "Dogodkina,J"]
[Black "Imeeva,A"]
[Result "1-0"]
[WhiteElo "2087"]
[BlackElo "2059"]
[EventDate "2010.09.14"]

1. e4 e5 2. Nf3 Nc6 3. Bb5 a6 4. Ba4 Nf6 5. O-O Be7 6. Re1 b5 7. Bb3 d6 8.
h3 O-O 9. c3 Na5 10. Bc2 c5 11. d4 Qc7 12. b3 Bd7 13. Nbd2 cxd4 14. cxd4
Rac8 15. b4 Qxc2 16. bxa5 Qc7 17. Nb3 Be6 18. Bg5 h6 19. Bxf6 Bxf6 20. d5
Bd7 21. Rc1 Qb7 22. Qd2 Be7 23. Qb4 f5 24. Nxe5 Rxc1 25. Rxc1 dxe5 26. Qxe7
fxe4 27. Nc5 Qc7 28. Qxd7 Qxa5 29. Ne6 1-0

[Event "WCh w Blitz Quarter-Final"]
[Site "Moscow RUS"]
[Date "2010.09.14"]
[Round "6"]
[White "Abdumalik,Z"]
[Black "Kharmunova,N"]
[Result "0-1"]
[WhiteElo "1870"]
[BlackElo "2121"]
[EventDate "2010.09.14"]

1. e4 c5 2. Nf3 Nc6 3. d4 cxd4 4. Nxd4 Nf6 5. Nc3 d6 6. Nb3 g6 7. Be2 Bg7
8. O-O O-O 9. Be3 a6 10. a4 Bd7 11. f4 Rc8 12. a5 Nb4 13. Bb6 Qe8 14. Bf3
Bb5 15. Re1 Bc4 16. Nd4 Nd7 17. Na4 Nc5 18. Nc3 Nd7 19. Na4 Nc5 20. Nc3 Nd7
21. Na4 Bb5 22. Nc3 Nxb6 23. Ncxb5 Nc4 24. Na3 Nxb2 25. Qd2 Nc6 26. Nxc6
Qxc6 27. Rab1 Qc5+ 28. Kh1 Qxa3 29. Re3 Qa2 30. Qd1 0-1

[Event "WCh w Blitz Quarter-Final"]
[Site "Moscow RUS"]
[Date "2010.09.14"]
[Round "7"]
[White "Meshcheriakova,E"]
[Black "Mirzoeva,E"]
[Result "0-1"]
[WhiteElo "2260"]
[BlackElo "2239"]
[EventDate "2010.09.14"]

1. e4 c6 2. c4 d5 3. cxd5 cxd5 4. exd5 Nf6 5. Nc3 g6 6. Bc4 Bg7 7. Nf3 Nbd7
8. d3 O-O 9. O-O Nb6 10. Qb3 Bg4 11. Ne5 Bf5 12. Re1 Rc8 13. Bg5 h6 14. Bh4
g5 15. Bg3 Ne8 16. Rac1 Nd6 17. Nb5 g4 18. Nxa7 Ra8 19. Nb5 f6 20. Nxg4
Bxg4 21. Nd4 Nd7 22. Bxd6 exd6 23. Qxb7 Nc5 24. Qb4 Rb8 25. Qd2 Qb6 26. b3
f5 27. Nc6 Rbe8 28. Ne7+ Kh7 29. h3 Bh5 30. Nc6 f4 31. d4 Nd7 32. Qd3+ Bg6
33. Qd2 f3 34. g3 Nf6 35. Ne7 Be4 36. Nc6 Bxd5 37. Ne7 Bxc4 38. Qc2+ Kh8
39. Ng6+ Kg8 40. Nxf8 Be2 41. Ng6 Qxd4 42. Nf4 Nd5 43. Nxd5 Qxd5 44. Qg6
Qe6 45. Qc2 Qxh3 0-1

[Event "WCh w Blitz Quarter-Final"]
[Site "Moscow RUS"]
[Date "2010.09.14"]
[Round "7"]
[White "Fatianova,T"]
[Black "Nikitina,E"]
[Result "1/2-1/2"]
[WhiteElo "2289"]
[BlackElo "2011"]
[EventDate "2010.09.14"]

1. e4 d5 2. exd5 Qxd5 3. Nc3 Qa5 4. Bc4 Nf6 5. h3 c6 6. d3 Bf5 7. Bd2 Qc7
8. Nf3 e6 9. Qe2 Nbd7 10. Nd4 O-O-O 11. Nxf5 exf5 12. O-O-O Nb6 13. Bb3
Nbd5 14. Qf3 g6 15. Kb1 Bg7 16. Rhe1 Nb6 17. Bg5 h6 18. Bf4 Qd7 19. Re2
Rhe8 20. Rde1 Rxe2 21. Rxe2 Re8 22. Rxe8+ Qxe8 23. Qe2 Qxe2 24. Nxe2 Nfd5
25. Bd2 Kd7 26. c3 g5 27. Bc2 f4 28. b3 c5 29. Bd1 f5 30. Kc2 Kd6 31. Ng1
Nd7 32. g3 fxg3 33. fxg3 Ne5 34. Nf3 Nxf3 35. Bxf3 b6 1/2-1/2

[Event "WCh w Blitz Quarter-Final"]
[Site "Moscow RUS"]
[Date "2010.09.14"]
[Round "7"]
[White "Fominykh,M"]
[Black "Sukhareva,E"]
[Result "0-1"]
[WhiteElo "2305"]
[BlackElo "2176"]
[EventDate "2010.09.14"]

1. d4 d5 2. c4 e6 3. Nf3 c6 4. g3 Nf6 5. Bg2 Nbd7 6. O-O Be7 7. b3 O-O 8.
Bb2 b6 9. Ne5 Qc7 10. f4 Ba6 11. Nd2 c5 12. e3 Rad8 13. Qc2 Qb8 14. Kh1 Bb7
15. cxd5 Nxd5 16. Rfe1 Qa8 17. e4 Nb4 18. Qb1 Nxe5 19. fxe5 cxd4 20. a3 Nc6
21. Qc2 Nxe5 22. Nc4 Nxc4 23. Qxc4 e5 24. Qb5 Bd6 25. a4 Rc8 26. a5 Rc5 27.
Qd7 Rd8 28. Qf5 Rc2 29. Ba3 Bxa3 30. Rxa3 Qb8 31. axb6 axb6 32. Rf1 Rf8 33.
Ra4 Qc7 34. Rb4 Ba6 35. Rg1 Bc8 36. Qg5 Be6 37. Rb5 f6 38. Qh5 Qc6 39. Rd5
Rxg2 40. Kxg2 Bxd5 41. exd5 Qxd5+ 42. Kh3 Qxb3 43. Rc1 Qe6+ 44. Kg2 Qd5+
45. Kh3 Qd7+ 46. Kg2 d3 47. Qf3 d2 48. Rd1 Rd8 49. Qb3+ Qd5+ 50. Qxd5+ Rxd5
51. Kf3 Kf7 52. Ke4 Ke6 53. g4 Rd4+ 54. Ke3 b5 55. Ke2 b4 56. Rb1 d1=Q+ 0-1

[Event "WCh w Blitz Quarter-Final"]
[Site "Moscow RUS"]
[Date "2010.09.14"]
[Round "7"]
[White "Severina,M"]
[Black "Mikhailova,I"]
[Result "1-0"]
[WhiteElo "2032"]
[BlackElo "2288"]
[EventDate "2010.09.14"]

1. d4 Nf6 2. Nf3 g6 3. c4 Bg7 4. Nc3 d5 5. cxd5 Nxd5 6. e4 Nxc3 7. bxc3 c5
8. Be3 O-O 9. Rc1 Qa5 10. Qd2 cxd4 11. cxd4 Qxd2+ 12. Kxd2 e6 13. Bb5 a6
14. Ba4 b5 15. Bb3 Bb7 16. d5 exd5 17. exd5 Rd8 18. Bb6 Rd7 19. Rhe1 Bh6+
20. Be3 Bxe3+ 21. Rxe3 Bxd5 22. Rc8+ Kg7 23. Bxd5 Rxd5+ 24. Ke2 b4 25. Ree8
Rb5 26. Nd4 Rb6 27. Nc6 Rxc6 28. Rxc6 Nxc6 29. Rxa8 a5 30. Ra6 Ne5 31. Rxa5
Nc4 32. Rb5 Nd6 33. Rxb4 Kf8 34. Kd3 Ke7 35. Kd4 Kd8 36. Rb6 Nf5+ 37. Ke5
Nh4 38. Kd6 Kc8 39. Rb2 Nf5+ 40. Ke5 Ne7 41. a4 Nc6+ 42. Kf6 Na5 43. Kxf7
Nc4 44. Rc2 Kb7 45. Rxc4 Ka6 46. Rc2 Ka5 47. Rb2 1-0

[Event "WCh w Blitz Quarter-Final"]
[Site "Moscow RUS"]
[Date "2010.09.14"]
[Round "7"]
[White "Chasovnikova,E"]
[Black "Krasenkova,I"]
[Result "0-1"]
[WhiteElo "2248"]
[BlackElo "2121"]
[EventDate "2010.09.14"]

1. d4 Nf6 2. Nf3 g6 3. c3 Bg7 4. Bg5 d5 5. Nbd2 O-O 6. e3 c6 7. Be2 Qb6 8.
Qc1 Bg4 9. h3 Bxf3 10. Nxf3 Nbd7 11. O-O a5 12. Qc2 a4 13. b4 axb3 14. axb3
e6 15. Bf4 Ne4 16. Bd3 Ndf6 17. c4 Rfc8 18. Ne5 c5 19. f3 Nd6 20. dxc5 Qxc5
21. Kh1 Rxa1 22. Rxa1 dxc4 23. bxc4 Nh5 24. Nd7 Qc7 25. Ne5 Nxf4 26. exf4
Qc5 27. Re1 Qd4 28. g3 b5 29. Qe2 bxc4 30. Bc2 c3 31. Rd1 Qc5 32. Re1 Bxe5
33. fxe5 Nc4 34. Qe4 Qf2 35. g4 Nd2 36. Qe2 Qxf3+ 0-1

[Event "WCh w Blitz Quarter-Final"]
[Site "Moscow RUS"]
[Date "2010.09.14"]
[Round "7"]
[White "Kharmunova,N"]
[Black "Chuprova,Irina"]
[Result "1-0"]
[WhiteElo "2121"]
[BlackElo "1767"]
[EventDate "2010.09.14"]

1. e4 c5 2. Nf3 d6 3. d4 Nf6 4. Nc3 cxd4 5. Nxd4 g6 6. g3 Bg7 7. Bg2 Nc6 8.
Nb3 O-O 9. O-O Be6 10. h3 d5 11. exd5 Nxd5 12. Nxd5 Ne5 13. Bg5 Bxd5 14.
Qxd5 Qc7 15. c3 b6 16. Rfe1 Rad8 17. Qe4 f5 18. Qe2 Nf7 19. Qxe7 Qc4 20.
Bf6 Bxf6 21. Qxf6 Nd6 22. Qg5 Ne4 23. Bxe4 fxe4 24. Nd4 Rd5 25. Qg4 Rxd4
26. cxd4 Qxd4 27. Qe2 Kg7 28. Rad1 Qf6 29. Rd7+ Kh8 30. Rxa7 h5 31. Qe3 1-0

[Event "WCh w Blitz Quarter-Final"]
[Site "Moscow RUS"]
[Date "2010.09.14"]
[Round "7"]
[White "Imeeva,A"]
[Black "Sukhareva,V"]
[Result "0-1"]
[WhiteElo "2059"]
[BlackElo "1936"]
[EventDate "2010.09.14"]

1. e4 d6 2. d4 Nd7 3. Nf3 e5 4. Bd3 c6 5. O-O Be7 6. c3 Ngf6 7. h3 Qc7 8.
Bg5 h6 9. Be3 Nf8 10. Nh2 g5 11. Nd2 Ng6 12. b4 Nf4 13. Bc4 Be6 14. Ng4
Bxc4 15. Nxf6+ Bxf6 16. Nxc4 Ng6 17. Qf3 Qe7 18. Rfd1 O-O 19. g3 Kg7 20. d5
Rfd8 21. Kg2 Qc7 22. Qe2 Ne7 23. dxc6 bxc6 24. Qd2 d5 25. exd5 cxd5 26. Na5
d4 27. cxd4 exd4 28. Qc1 Qb6 29. Bd2 Rac8 30. Qa3 Rc2 31. Rac1 Rdc8 32. Nb3
Qc6+ 33. Kg1 Qf3 34. Qxa7 Nf5 35. Nc5 d3 36. Qd7 Rd8 37. Qb7 Qe2 0-1

[Event "WCh w Blitz Quarter-Final"]
[Site "Moscow RUS"]
[Date "2010.09.14"]
[Round "8"]
[White "Nikitina,E"]
[Black "Severina,M"]
[Result "1-0"]
[WhiteElo "2011"]
[BlackElo "2032"]
[EventDate "2010.09.14"]

1. d4 Nf6 2. Nf3 e6 3. e3 c5 4. c3 b6 5. Bd3 Bb7 6. O-O Be7 7. Nbd2 d5 8.
Ne5 O-O 9. Qe2 Ne4 10. f4 f6 11. Nef3 Nd7 12. Bc2 Rc8 13. Nxe4 dxe4 14. Nd2
cxd4 15. exd4 f5 16. Re1 Nf6 17. Nf1 Nd5 18. Bb3 Qd6 19. g3 Bf6 20. Be3
Rfd8 21. Red1 Kh8 22. Rac1 h6 23. Qd2 Ba6 24. Bf2 Bd3 25. Ne3 Nxe3 26. Bxe3
Qe7 27. Bc2 Bxc2 28. Rxc2 g5 29. fxg5 hxg5 30. Qe2 Kg7 31. Rcd2 e5 32. dxe5
Bxe5 33. Bd4 Bxd4+ 34. Rxd4 Rxd4 35. Rxd4 Rd8 36. Qe3 Rxd4 37. Qxd4+ Kg6
38. Kf2 f4 39. gxf4 gxf4 40. Ke2 f3+ 41. Kf2 Qh4+ 42. Ke3 Qg5+ 43. Kxe4
Qg4+ 44. Ke3 Qg2 45. Qe4+ Kh6 46. Qf4+ Kh7 47. Qh4+ 1-0

[Event "WCh w Blitz Quarter-Final"]
[Site "Moscow RUS"]
[Date "2010.09.14"]
[Round "8"]
[White "Sukhareva,E"]
[Black "Krasenkova,I"]
[Result "1-0"]
[WhiteElo "2176"]
[BlackElo "2121"]
[EventDate "2010.09.14"]

1. d4 Nf6 2. c4 g6 3. Nc3 d5 4. e3 Bg7 5. b4 a5 6. b5 O-O 7. Nf3 c6 8. a4
dxc4 9. Bxc4 cxb5 10. Bxb5 Nc6 11. Ba3 Bg4 12. h3 Bd7 13. O-O Re8 14. Rb1
e6 15. Qe2 Nd5 16. Rfc1 Nxc3 17. Rxc3 e5 18. d5 e4 19. dxc6 exf3 20. Qd2
Bxc6 21. Qxd8 Rexd8 22. Rcc1 Be4 23. Rb3 fxg2 24. Be2 Rac8 25. f3 Rxc1+ 26.
Bxc1 Bc6 27. Kxg2 Bxa4 28. Rxb7 Rc8 29. Bd2 Bc6 30. Ra7 a4 31. Bc4 Bxf3+
32. Kxf3 Rxc4 33. Ra8+ Bf8 34. e4 Kg7 35. Bf4 f6 36. Ra7+ Kg8 37. Ra8 Kf7
38. Ra7+ Ke6 39. Ra6+ Kd7 40. Ra7+ Kc6 41. Ra8 Bc5 42. Rc8+ Kb5 43. Rb8+
Kc6 44. Rc8+ Kd7 45. Rc7+ Kd8 46. Rxh7 a3 47. Rh8+ Kd7 48. Ra8 Rc3+ 49. Kg4
Rc2 50. e5 fxe5 51. Bxe5 a2 52. Kg5 Rg2+ 53. Kf6 Kc6 54. h4 Kd5 55. Bc3 Kc4
56. Be5 Kb3 57. Rb8+ Kc2 58. Rb2+ Kd3 59. Rxg2 Bd4 60. Bxd4 Kxd4 61. Rxa2
Ke4 62. Kxg6 Kf4 63. h5 Ke4 64. h6 Kd4 65. h7 Kc3 66. h8=Q+ Kc4 67. Rc2+
Kd3 68. Qc3+ Ke4 69. Re2+ Kf4 70. Qe5+ Kf3 71. Qe3+ Kg4 72. Rg2+ Kh4 73.
Qg3+ 1-0

[Event "WCh w Blitz Quarter-Final"]
[Site "Moscow RUS"]
[Date "2010.09.14"]
[Round "8"]
[White "Dogodkina,J"]
[Black "Meshcheriakova,E"]
[Result "0-1"]
[WhiteElo "2087"]
[BlackElo "2260"]
[EventDate "2010.09.14"]

1. e4 c5 2. Nf3 a6 3. c4 e6 4. Nc3 b6 5. d4 cxd4 6. Nxd4 Bb7 7. f3 Bc5 8.
Be3 Ne7 9. Nc2 Bxe3 10. Nxe3 d6 11. Qd2 O-O 12. Be2 Qc7 13. O-O Nbc6 14.
Rad1 Rad8 15. f4 Ng6 16. b3 Rd7 17. f5 Nge5 18. f6 gxf6 19. Rxf6 Ne7 20.
Ng4 Qc5+ 21. Kh1 Nxg4 22. Bxg4 Qe5 23. Qd4 Qxd4 24. Rxd4 Ng6 25. Rf1 Ne5
26. Bh3 Kg7 27. Na4 b5 28. Nb6 Rdd8 29. cxb5 axb5 30. a4 bxa4 31. bxa4 Nc6
32. Rd2 Ne7 33. Kg1 d5 34. exd5 Nxd5 35. Nxd5 Bxd5 36. Bg4 Ra8 37. Bd1 Rfb8
38. Rf4 Rb1 39. Kf2 Ra1 40. h3 Bc6 41. Rg4+ Kf8 42. Rdd4 Ra2+ 43. Be2 R2xa4
44. Rxa4 Rxa4 45. Rxa4 Bxa4 46. Bd3 h6 47. Kf3 Kg7 48. Kg4 Bd1+ 49. Kg3 f5
50. Kf4 Kf6 51. Ke3 e5 52. Bc4 Bc2 53. Kf2 f4 54. Bd5 Kf5 55. Bf3 e4 56.
Bg4+ Ke5 57. Bh5 Ba4 58. Ke2 Bb5+ 59. Kf2 Bc6 60. Ke2 e3 61. Kf1 Bb5+ 62.
Ke1 Ke4 63. Bf3+ Kf5 64. Bd5 Kg5 65. Bf3 Kh4 66. Bd5 Kg3 67. Bf3 Bd7 68.
Bd5 Be8 69. Bf3 Kh2 70. Ke2 Bb5+ 71. Ke1 Kg1 72. Be4 Bf1 0-1

[Event "WCh w Blitz Quarter-Final"]
[Site "Moscow RUS"]
[Date "2010.09.14"]
[Round "8"]
[White "Sukhareva,V"]
[Black "Fominykh,M"]
[Result "0-1"]
[WhiteElo "1936"]
[BlackElo "2305"]
[EventDate "2010.09.14"]

1. d4 d6 2. e4 Nf6 3. Bd3 e5 4. d5 Be7 5. Ne2 c6 6. c4 cxd5 7. cxd5 Nbd7 8.
Nbc3 O-O 9. O-O Nc5 10. Bc2 a6 11. b4 Ncd7 12. a4 Qc7 13. Bb2 Nb6 14. Rb1
Nc4 15. Bc1 Bg4 16. f3 Bd7 17. Kh1 b5 18. a5 Rfc8 19. Bg5 h6 20. Bh4 Ne3
21. Qd2 Nxf1 22. Rxf1 Be8 23. Bf2 Qc4 24. Rb1 Nh5 25. Bd3 Qc7 26. Bb6 Qd7
27. g3 Qh3 28. Ng1 Nxg3+ 0-1

[Event "WCh w Blitz Quarter-Final"]
[Site "Moscow RUS"]
[Date "2010.09.14"]
[Round "8"]
[White "Zarivkina,V"]
[Black "Kharmunova,N"]
[Result "0-1"]
[WhiteElo "2084"]
[BlackElo "2121"]
[EventDate "2010.09.14"]

1. e4 c5 2. Nf3 Nc6 3. c3 Nf6 4. d3 d5 5. exd5 Qxd5 6. Be3 Bg4 7. Be2 e6 8.
O-O Be7 9. d4 O-O 10. dxc5 Qh5 11. b4 Rad8 12. Qc2 Bf5 13. Qb2 Ng4 14. Bf4
e5 15. Bg3 Be6 16. h3 Nh6 17. Nxe5 Qf5 18. Nxc6 bxc6 19. Nd2 Bd5 20. Nf3
Bf6 21. Nd4 Qg6 22. Nf3 Nf5 23. Bh2 Bxf3 24. Bxf3 Rd3 25. Bxc6 Rxc3 26. Qe2
Rxh3 27. g4 Nd4 0-1